000 00646na a2200205 4500
001 23547
003 MIRAKIL
005 20181213155322.0
008 180110b tu 000 0
040 _aMilas
_btur
_cTR-AnCHP
041 _atur
082 _a915.6325
_bT62 2007
090 _a915.6325 T62 2007
245 _aTrabzon tarihi ve turistik değerleri
_cTrabzon Valiliği İl Turizm Müdürlüğü
260 _aTrabzon
_bTrabzon Valiliği İl Turizm Müdürlüğü
_c[t.y.]
300 _a72 s.
_bfotğ.
_c23
440 _aTrabzon Valiliği İl Turizm Müdürlüğü yayınları
_v4
651 _aTrabzon
_xklavuzlar
942 _2ddc
_cBKS
999 _c10460
_d10460